موسوعة اقتصاد السوق الاجتماعى : (Record no. 66488)
[ view plain ]
| 000 -الفاتح | |
|---|---|
| حقل البيانات ثابتة الطول | 00721nam a22001937a 4500 |
| 005 - وقت وتاريخ اخر تعامل مع التسجيلة | |
| رقم الضبط | 20240530110921.0 |
| 008 - عناصر البيانات ثابتة الطول - معلومات عامة | |
| حقل البيانات ثابتة الطول | 220221s2005 ua a g b 000 0 ara d |
| 040 ## - مصدر الفهرسة | |
| وكالة الفهرسة الأصلية | EG-CaGPL |
| وكالة النسخ | EG-CaGPL |
| 082 04 - رقم تصنيف ديوى العشرى | |
| رقم الطبعة | 21 |
| رقم التصنيف | 330.9\ |
| رقم المادة | م م |
| 110 0# - المدخل الرئيسى - إسم هيئة | |
| اسم الهيئة أو اسم السلطة كمدخل | مؤسسة كونراد اديناور |
| 245 10 - بيان العنوان | |
| العنوان | موسوعة اقتصاد السوق الاجتماعى : |
| بقية العنوان | السياسة الاقتصادية من الالف الى الياء / |
| بيان المسئوليه,etc | مؤسسة كونراد اديناور |
| 250 ## - بيان الطبعة | |
| بيان الطبعة | ط.1 |
| 300 ## - الوصف المادى | |
| التعداد | 641 ص. ؛ |
| أبعاد الوعاء | 24 سم. |
| 650 07 - المدخل الاضافى بالموضوع-مصطلح موضوعى | |
| مصطلح موضوعي | الاقتصاد |
| 650 07 - المدخل الاضافى بالموضوع-مصطلح موضوعى | |
| مصطلح موضوعي | السياسة الاقتصادية |
| 700 0# - المدخل الاضافى - اسم شخصى | |
| الإسم الشخصى | ياسر ساره |
| الدور | مترجم |
| 942 ## - عناصر المدخل الإضافي( كوها) | |
| مصدر التصنيف او مخطط الترفيف | Dewey Decimal Classification |
| Koha [default] item type | كتاب |
| حالة التراجع | حالة الفقد | حالة تلف | ليس للاعارة | المكان المؤقت | الموقع الحالى | تاريخ الاكتساب | اجمالي اﻻعارات | رقم الطلب | الباركود | تاريخ اخر مشاهدة | تاريخ تفعيل السعر | نوع وعاء كوها |
|---|---|---|---|---|---|---|---|---|---|---|---|---|
| مكتبة القاهرة الكبرى | مكتبة القاهرة الكبرى | 06/06/2022 | 330.9\ م م | 168035 | 06/06/2022 | 06/06/2022 | كتاب | |||||
| مكتبة القاهرة الكبرى | مكتبة القاهرة الكبرى | 06/12/2022 | 330.9\ م م | 168064 | 06/12/2022 | 06/12/2022 | كتاب |

